000 00422nam a2200181 i 4500
001 bgj
100 1 _aSTEEL, Danielle.
245 1 0 _aThe Gift /
_cDanielle Steel.
260 _aNew York :
_bA Dell Book,
_c1994.
300 _a275 pp ;
_c18 cm.
650 9 _aFiction
020 _a0440221315
040 _cBPK
041 0 _aeng
920 _a0-440-22131-5
942 _cKS
008 s uk f |000 0 eng
999 _c48375
_d48375
856 _uhttp://koha.tu.koszalin.pl/cgi-bin/koha/opac-detail.pl?biblionumber=48375
_yKatalog online BPK